Majmoaa Rubaiyat Omar Khayyam. (Record no. 12877)

MARC details
000 -LEADER
fixed length control field 00588nam a2200241 a 4500
020 ## - INTERNATIONAL STANDARD BOOK NUMBER
ISBN
082 00 - DEWEY DECIMAL CLASSIFICATION NUMBER
Classification number 891.51
Author Cutter OMA
100 ## - MAIN ENTRY--AUTHOR NAME
Author name Omar, Khayyam
245 ## - TITLE STATEMENT
Title Majmoaa Rubaiyat Omar Khayyam.
260 ## - PUBLICATION, DISTRIBUTION, ETC. (IMPRINT)
Place of publication Lucknow
Name of publisher Munshi Tejkumar Press
Year of publication 1969
300 ## - PHYSICAL DESCRIPTION
Number of Pages 104p
500 ## - GENERAL NOTE
General note includes index and biblioraphy
505 2# - FORMATTED CONTENTS NOTE
Formatted contents note Scripture Index.
650 ## - SUBJECT ADDED ENTRY--TOPICAL TERM
Topical Term Persian Poetry
942 ## - ADDED ENTRY ELEMENTS (KOHA)
Koha item type Books
700 1# -
-- Omar, Khayyam
Holdings
Collection code Home library Current library Date acquired Cost, normal purchase price Full call number Accession Number Koha item type
  Henry Martyn Institute Library Henry Martyn Institute Library 06/01/2007 25.00 891.51 OMA 019593 Books
                   Copyright © 2026 | Henry Martyn Institute | Hyderabad | TS-500052 | INDIA | Implemented by hmi.edu.in
Hit-Count:

Powered by Koha